000 00402nam a2200145Ia 4500
008 130318s9999 xx 000 0 und d
020 _a1574441965
082 _a658.4038 LIE/K
100 _aLiebowitz, Jay
245 _aKnowledge organizations: What every manager should know
260 _bSt. Luis Press
_aBoca Raton
_c1998
300 _a197
650 _aKNOWLEDGE MANAGEMENT
700 _aBeckman, Tom
999 _c360
_d360